000 00449nam a2200181Ia 4500
003 GCL
008 140319s9999 xx 000 0 eng d
040 _aGCL /
_cGCL
082 0 4 _a843
_bP M
100 1 _aPEYRE, JOSEPH
245 1 0 _aMATTERHORN /
_cPEYRE, JOSEPH
260 _a[S.N] :
_bBERNARD GRASSET ،
_c1992
300 _a257 P
490 _aLES CAHIERS ROUGES
_v0
650 0 4 _aLITERATURE
650 0 4 _aFRENCH LITERATURE
942 _2ddc
_cBK
999 _c21594
_d21594